Leonardo DiCaprio Movies Quiz Stats

 Plays Quiz Updated Dec 31, 2020

Support Sporcle.
Go Orange.
Score 0/29 Timer 07:00
13 Plays Today
Year Movie % Correct
1997Titanic
97%
1996Romeo + Juliet
91.1%
2013The Great Gatsby
87%
2002Catch Me If You Can
84.2%
2015The Revenant
80.7%
2013The Wolf of Wall Street
76.2%
2006The Departed
74.9%
2004The Aviator
73.1%
1993What's Eating Gilbert Grape
71.1%
2019Once Upon a Time... in Hollywood
70.3%
2012Django Unchained
61.7%
1998The Man in the Iron Mask
59.5%
2006Blood Diamond
57.3%
2002Gangs of New York
53.8%
2000The Beach
50.5%
Year Movie % Correct
2010Inception
49.5%
2010Shutter Island
48.5%
1995The Basketball Diaries
42.9%
2008Revolutionary Road
42.6%
2008Body of Lies
22.8%
2011J. Edgar
20.9%
1993This Boy's Life
20.6%
1995The Quick and the Dead
19.3%
1996Marvin's Room
16.1%
1991Critters 3
12.4%
1998Celebrity
11.6%
1995Total Eclipse
9.4%
2001Don's Plum
8.4%
1992Poison Ivy
7.8%

You're not logged in!

Compare scores with friends on all Sporcle quizzes.
OR
Log In

From the Vault

Risky Map Clicking: States with Short Names

by sproutcm

Careful, the 8-letter states are really tempting to click on.
Remove Ads.
Support Sporcle.
Get the best of Sporcle when you Go Orange. This ad-free experience offers more features, more stats, and more fun while also helping to support Sporcle. Thank you for becoming a member.

Show Comments

Extras

Top Quizzes Today


Score Distribution

Your Account Isn't Verified!

In order to create a playlist on Sporcle, you need to verify the email address you used during registration. Go to your Sporcle Settings to finish the process.

Report this User

Report this user for behavior that violates our Community Guidelines.

Details: